Mot mystérieux - Série 19 - Statistiques

Statistiques générales
  • Ce quiz a été pris 158 fois
  • Le résultat moyen est 6 sur 10
Statistiques - réponses
Indices Mot % Correct
Crême - Tatin - Gifle - Stupide Tarte
96%
Bengale - Papier - Requin - Jaloux Tigre
78%
Voiture - Alexandrie - Produit - Projecteur Phare
77%
Sceaux - Chasse - Barrière - Corps Garde
71%
Route - Travail - Voiture - Vasculaire Accident
66%
Eau - Pluie - Sueur - Sang Goutte
64%
Auto - Croute - Pieds - Noisette Casse
59%
Bain - Table - Toilette - Papier Serviette
53%
Couleur - Papier - Sourcil - Stylo Crayon
46%
Vin - Village - Pate - Gaulois Coq
33%
Aucun quiz correspondant
Distribution des résultats
% des personnes avec chaque résultat
Percentile par nombre de réponses
Votre historique - résultats
Vous n’avez pas pris ce quiz